000 01307cam a2200205 4500
001 WB@3612-248
008 040825n2004 000 0 eng u
035 _a(Sirsi) u127156
245 _aTop postcodes for business start-ups
260 _c2004
490 _aRoyal Mail Group News Release
_v22 August 2004 (5)
520 _aThe "Royal Mail map of business start-ups" has been released. This plots key areas for new businesses across all of the UK's 121 postcodes and reveals that east London has more firms starting up in the area than anywhere else in the UK. Birmingham was third and Manchester held fifth place. The map also included a number of smaller towns, such as Crewe in 11th place, beating the larger traditional areas of commercial success such as Liverpool in 21st place. Internet access and new technology has made it less important for businesses to be located close to each other and has sparked a revival in a number of former factory towns that have become depressed in recent years due to traditional industries disappearing. http://www.royalmailgroup.com/news/expandarticle.a sp?id=1348&brand=royal_mail
590 _aWB
590 _aWB
650 _aRANKINGS
650 _aBUSINESS START-UPS
650 _aBUSINESS DEVELOPMENT
690 _aECONOMIC ISSUES
942 _n0
999 _c117894
_d117894